000 00684nam a2200289Ia 4500
005 20260324123326.0
008 008 260324s9999 xx 000 0 eng d
020 _a9781315599601
037 _aEBOOK
040 _aCRL
040 _beng
040 _cCRL
041 _2eng
041 _aeng
084 _qCRL
100 _aKelby Harrison; Dennis R. Cooley
_91169882
245 0 _aPassing/Out
245 0 _bSexual Identity Veiled and Revealed
260 _bTaylor and Francis
260 _c2012
365 _a
365 _b240
856 _uhttp://www.taylorfrancis.com/books/9781315599601
942 _cEBOOK
999 _c1763301
_d1763301